00463nam a2200181 a 4500001001300000003000900013005001700022008004100039020001000080082001500090100001700105245003300122260004600155300000900201500003500210505002000245650001600265nice12345678IN_TiNIC20260116011315.0050524s0000 laha grp 000 0 urd  ac10000a231.3bTAR aTarachand, R aAynul-Hayatb Spirit of Life aLahorebChristian Knowledge Societyc0000 a176p aincludes index and biblioraphy2 aEpilogue, Notes aHoly Spirit